20 химични елемента - Statistics

General Stats
  • This quiz has been taken 221 times
  • The average score is 12 of 20
Answer Stats
# Символ Елемент % Correct
8 O Кислород
100%
12 Mg Магнезий
100%
19 K Калий
100%
26 Fe Желязо
100%
53 I Йод
100%
56 Ba Барий
100%
16 S Сяра
96%
20 Ca Калций
96%
30 Zn Цинк
96%
17 Cl Хлор
95%
6 C Въглерод
94%
11 Na Натрий
93%
28 Ni Никел
93%
84 Po Полоний
93%
3 Li Литий
92%
87 Fr Франций
90%
1 H Водород
89%
14 Si Силиций
89%
13 Al Алуминий
88%
25 Mn Манган
88%
2 He Хелий
87%
35 Br Бром
87%
92 U Уран
87%
15 P Фосфор
86%
74 W Волфрам
86%
79 Au Злато
86%
7 N Азот
85%
9 F Флуор
85%
29 Cu Мед
84%
23 V Ванадий
83%
72 Hf Хафний
82%
4 Be Берилий
81%
27 Co Кобалт
81%
77 Ir Иридий
81%
47 Ag Сребро
80%
5 B Бор
79%
22 Ti Титан
79%
31 Ga Галий
79%
33 As Арсен
79%
52 Te Телур
79%
34 Se Селен
78%
24 Cr Хром
76%
37 Rb Рубидий
75%
80 Hg Живак
75%
46 Pd Паладий
73%
88 Ra Радий
73%
63 Eu Европий
71%
82 Pb Олово
71%
38 Sr Стронций
70%
54 Xe Ксенон
70%
36 Kr Криптон
69%
48 Cd Кадмий
69%
49 In Индий
69%
75 Re Рений
69%
18 Ar Аргон
67%
39 Y Итрий
67%
81 Tl Талий
67%
21 Sc Скандий
65%
95 Am Америций
65%
32 Ge Германий
64%
42 Mo Молибден
63%
76 Os Осмий
63%
83 Bi Бисмут
63%
111 Rg Рьонтгений
63%
10 Ne Неон
62%
112 Cn Коперниций
61%
78 Pt Платина
59%
90 Th Торий
59%
103 Lr Лоуренсий
58%
115 Mc Московий
58%
118 Og Оганесон
58%
107 Bh Борий
57%
60 Nd Неодим
56%
73 Ta Тантал
56%
85 At Астат
56%
94 Pu Плутоний
56%
113 Nh Нихоний
56%
40 Zr Цирконий
55%
91 Pa Протактиний
55%
55 Cs Цезий
53%
57 La Лантан
53%
71 Lu Лутеций
53%
89 Ac Актиний
53%
117 Ts Тенесин
53%
65 Tb Тербий
52%
105 Db Дубний
52%
41 Nb Ниобий
50%
43 Tc Технеций
50%
44 Ru Рутений
50%
59 Pr Празеодим
50%
67 Ho Холмий
50%
68 Er Ербий
50%
104 Rf Ръдърфордий
50%
108 Hs Хасий
50%
102 No Нобелий
48%
106 Sg Сиборгий
48%
66 Dy Диспросий
46%
116 Lv Ливерморий
46%
58 Ce Церий
45%
93 Np Нептуний
45%
98 Cf Калифорний
45%
70 Yb Итербий
44%
100 Fm Фермий
43%
110 Ds Дармщатий
42%
97 Bk Берклий
41%
114 Fl Флеровий
41%
86 Rn Радон
39%
45 Rh Родий
33%
62 Sm Самарий
33%
64 Gd Гадолиний
33%
61 Pm Прометий
30%
51 Sb Антимон
29%
101 Md Менделеевий
29%
99 Es Айнщайний
25%
50 Sn Калай
22%
109 Mt Майтнерий
20%
69 Tm Тулий
7%
96 Cm Кюрий
0%
No matching quizzes found
Score Distribution
Percent of People with Each Score
Percentile by Number Answered
Your Score History
You have not taken this quiz